000 00861nas a2200277 4500
001 BR2013001825
003 BR-BrBNA
005 20231205122033.0
007 ta
008 230509b bl.|||p| |||| 00| 00por d
040 _aBR-BrBNA
_bpor
_cBiblioteca Nacional de Agricultura
041 _a(Pt)
072 _aL74; L40
100 1 _aMai, W.
100 1 _aCheuiche, A.J. de V.
245 1 _aParticularidades da radiografia do esqueleto apendicular de cães e gatos jovens. 1. Anomalias da formação e do crescimento
650 _aCÃO
650 _aGATO
650 _aDISTÚRBIO ANIMAL
650 _aESQUELETO
650 _aRADIOGRAFIA
650 _aANATOMIA ANIMAL
773 0 _tA Hora Veterinária (Brazil)
_xISSN 0101-9163
_g(Jan-Feb 2001), v.20(119) p. 57-63
_wBR2013001825
909 _a202311
_bLúcia
_c55
_dLúcia Elande
942 _2AGRIS
_n0
_cANA
999 _c226588
_d226588